| 000 | 00768nam a2200289Ia 4500 | ||
|---|---|---|---|
| 008 | 171120s9999 xx 000 0 und d | ||
| 020 | _a1603208410 | ||
| 050 | _a31.02 | ||
| 050 | _bO368 2010 | ||
| 100 | _aO'Hare, Jeff | ||
| 245 | 4 | _aThe amazing fact and puzzle book / | |
| 245 | _cby Jeff O'Hare. | ||
| 260 | _aNew York : | ||
| 260 | _bTime Inc. Home Entertainment, | ||
| 260 | _c2010 | ||
| 300 | _a80 pages : | ||
| 300 | _bcolored illustrations ; | ||
| 300 | _c28cm. | ||
| 500 | _aIncludes index. | ||
| 650 | _aChildren's questions and answers -- | ||
| 650 | _aPuzzles -- | ||
| 650 | _aScientific recreations -- | ||
| 650 | _xJuvenile literature. | ||
| 650 | _xJuvenile literature. | ||
| 650 | _xJuvenile literature. | ||
| 700 | _aTitle. | ||
| 999 |
_c345030 _d345030 |
||